Score 0/20 Timer 03:00
0 Plays Today
Film Missing Word % Correct
Honey, I Shrunk the _____Kids
97.6%
E.T. the _____-TerrestrialExtra
97.2%
The Hunchback of _____ DameNotre
97.1%
Dead _____ SocietyPoets
94.9%
_____ of the Lost ArkRaiders
94.7%
_____ in SeattleSleepless
94.4%
_____ DoryFinding
93.7%
Who _____ Roger RabbitFramed
93.2%
A.I. _____ IntelligenceArtificial
90.9%
Ferris _____ Day OffBueller's
90.2%
Film Missing Word % Correct
The _____ KidKarate
87.2%
Now You _____ Me: The Second ActSee
86.2%
Knight and _____Day
85.9%
Herbie: _____ LoadedFully
85%
Jurassic _____World
84.2%
Star Trek II: The _____ of KhanWrath
79.8%
_____ LibreNacho
75.1%
Live _____ or Die HardFree
74.9%
Transformers: _____ of the MoonDark
58.4%
_____ of the Southern WildBeasts
38.1%

Today's Daily Dose

Remove Ads.
Support Sporcle.
Get the best of Sporcle when you Go Orange. This ad-free experience offers more features, more stats, and more fun while also helping to support Sporcle. Thank you for becoming a member.

You're not logged in!

Compare scores with friends on all Sporcle quizzes.
OR
Log In

Show Comments

Extras

Top Quizzes Today


Score Distribution

Your Account Isn't Verified!

In order to create a playlist on Sporcle, you need to verify the email address you used during registration. Go to your Sporcle Settings to finish the process.

Report this User

Report this user for behavior that violates our Community Guidelines.

Details: